| 000 | 01064cam a2200229 4500 | ||
|---|---|---|---|
| 001 | ABS67121 | ||
| 008 | 031017n2003 000 0 eng u | ||
| 035 | _a(Sirsi) u123948 | ||
| 100 | _aMann, W. | ||
| 245 | _aSpecial report on offsite construction | ||
| 260 | _c2003 | ||
| 490 |
_aContract Journal _v420(6443) 10 September 2003, 14-20(7) |
||
| 520 | _aA series of four articles examining the recent use of offsite construction. "The modular messiah" discusses the reluctance of the building industry to see the benefits of such construction. "A concrete choice" looks at how concrete can compete with other systems in this expanding market. "Matching quality" advocates the development of quality assurance systems and "Timber time" explains why the offsite timber frame sector is increasing. | ||
| 590 | _aABS | ||
| 650 | _aOFFSITE FABRICATION | ||
| 650 | _aTIMBER FRAME CONSTRUCTION | ||
| 650 | _aCONCRETE FRAME CONSTRUCTION | ||
| 690 | _aBUILT ENVIRONMENT-CONSTRUCTION DESIGN | ||
| 700 | _aRichards, D. | ||
| 700 | _aMcDonald, A. | ||
| 942 | _n0 | ||
| 999 |
_c73607 _d73607 |
||